Situación de comunicación / Manuel Matos Moquete (Registro nro. 6596)

Detalles MARC
000 -LEADER
fixed length control field 00477nam a22001811a 4500
001 - CONTROL NUMBER
control field 6596
003 - CONTROL NUMBER IDENTIFIER
control field OSt
005 - DATE AND TIME OF LATEST TRANSACTION
control field 20260204212057.0
008 - FIXED-LENGTH DATA ELEMENTS--GENERAL INFORMATION
fixed length control field 060611s1999||||dr ||||||b||||||||||spa||
050 ## - LIBRARY OF CONGRESS CALL NUMBER
Classification number RD 460 M428s
100 ## - ASIENTO PRINCIPAL -- NOMBRE PERSONAL
Personal name Matos Moquete, Manuel
245 ## - TÍTULO PROPIAMENTE DICHO: SUBTÍTULO
Title Situación de comunicación / Manuel Matos Moquete
264 ## - PRODUCTION, PUBLICATION, DISTRIBUTION, MANUFACTURE, AND COPYRIGHT NOTICE
Place of production, publication, distribution, manufacture Santo Domingo : De Colores
300 ## - PHYSICAL DESCRIPTION
Extensión 70 p
490 ## - MENCIÓN DE SERIE
Series statement Serie Desarrollo Currricular No.1
650 ## - ASIENTO SECUNDARIO DE MATERIA -- TERMINO TEMÁTICO
Termino Temático Como Elemento de Entrada 1.Lengua EspañolaÌ
942 ## - ADDED ENTRY ELEMENTS (KOHA)
Source of classification or shelving scheme Dewey Decimal Classification
Koha item type Libros
Existencias
Withdrawn status Lost status Source of classification or shelving scheme Damaged status Not for loan Current library Date acquired Total Checkouts Full call number Barcode Date last seen Price effective from Koha item type
    Dewey Decimal Classification     Biblioteca UTECO 09/09/2019   RD 460 M428S 011572 09/09/2019 09/09/2019 Libros
© 2021 Derechos Reservados UTECO - Teléfono: +1 809-585-2291 - Correo electrónico: biblioteca@uteco.edu.do​  
Código postal 43000 ​​
Dirección: Avenida Universitaria No. 100, 
Cotuí, Provincia Sánchez Ramírez, República Dominicana - RNC: 404-00059-6